Çalışma yaşamımızda 7 ILO sözleşmesi (Record no. 6308)

MARC details
000 -BAŞLIK
Sabit Uzunlukta Kontrol Alanı 00705na a2200217 4500
001 - KONTROL NUMARASI
Denetim Alanı 18615
003 - KONTROL NUMARASI IDENTIFIER
Denetim Alanı MIRAKIL
005 - SON İŞLEM TARİHİ VE ZAMANI
Denetim Alanı 20181213155103.0
008 - SABİT-BOY VERİ ELEMANLARI - GENEL BİLGİLER
Sabit Uzunlukta Kontrol Alanı 161122b tu 000 0
035 ## - SİSTEM KONTROL NUMARASI
Sistem Kontrol Numarası 18615
040 ## - KATALOGLAMA KAYNAK
Orijinal Kataloglama Ajansı Milas
Kataloglama Dili tur
Metne Dönüştürmek Ajansı TR-AnCHP
041 ## - DİL KODU
Metin / Ses Parça Veya Ayrı Başlığın Dil Kodu tur
082 ## - DEWEY ONLU SINIFLANDIRMA NUMARASI
Sınıflandırma Numarası 331.8
Ürün Numarası Ç24 1994
090 ## - SINIFLAMA NUMARASI
Sınıflama Numarası 331.8 Ç24 1994
245 ## - BAŞLIK TABLOSU
Başlık Çalışma yaşamımızda 7 ILO sözleşmesi
Sorumluluk Tablosu, Vb Çalışma ve Sosyal Güvenlik Bakanlığı
260 ## - YAYIN, DAĞITIM, VB
Yayın, Dağıtım, Vb Yeri Ankara
Yayıncı, Dağıtıcı, Vs Adı Çalışma ve Sosyal Güvenlik Bakanlığı
Yayın, Dağıtım, Vb Tarihi 1994
300 ## - FİZİKSEL TANIM
Kapsam 84 s.
Boyutlar 25 sm.
610 ## - KONU KATMA GİRİŞ - TOPLANTI ADI
Giriş Elemanı Olarak Kurumsal Ad Veya Yargı Alanı Adı ILO (Uluslararası Çalışma Örgütü)
Genel Alt Bölüm Sözleşmeler
Kronolojik Alt Bölüm Çalışma yaşamı
710 ## - KATMA GİRİŞ - KURUMSAL ADI
Giriş Elemanı Olarak Kurumsal Ad Veya Yargı Alanı Adı Çalışma ve Sosyal Güvenlik Bakanlığı
942 ## - EKLENDİ GİRİŞ ELEMANLARI (KOHA)
Sınıflandırma Veya Raf Düzeni Kaynak Dewey Decimal Classification
Koha Öğesi Türü Books
999 ## - SİSTEM KONTROL NUMARALARI (KOHA)
Koha Biblionumber 6308
Koha Biblioitemnumber 6308
Holdings
Kalıcı Konum Mevcut Konum Edinme Tarihi Edinim Kaynak Toplam Check-Out'Lar Tam Çağrı Numarası Barkod Tarih Son Görülme İtibaren Geçerli Fiyatlar Koha Öğesi Türü
CHP Kütüphanesi CHP Kütüphanesi 11/22/2016 Bağış   331.8 Ç24 1994 008847 11/22/2016 11/22/2016 Books